03475nam a2200361Ia 4500001000900000003000500009005001700014007000300031008004100034010001100075040002300086041001300109100003100122240010500153245012900258264004200387300005800429336002700487337002800514338002800542502013800570504003300708520104300741520099801784650003602782650003202818650004102850650002302891700005302914700005202967700004103019856005303060dia_4634CHAP20241031181152.0ta220117s2010 mx ado frm 001 0 spa d a175310 cCHAPamxchpuaerda0 aspabeng1 aRodriguez García, Roxana10aHigh tunnels and foliar calcium: effect on quality of strawberry fruits var. CP-Zamorana.lEspañol10aMacrotuneles y calcio foliar : befectos sobre calidad de frutos de fresa cultivar CP- Zamorana /cRoxana Rodriguez García aChapingo, México :bEl autor,c2010 a102 hojas :bilustraciones, gráficas, tablas, fotos 2rdacontentatextobtxt 2rdamediaano mediadobn 2rdacarrieravolumenbnc aTesisb(Maestro en Ciencias en Ciencias y Tecnología Agroalimentaria) -- cUACh. Departamento de Ingeniería Agroindustrial,d2010 aBibliografía: hojas 96-1023 aEl presente estudio se realizó para conocer el efecto del sombreado generado por diferentes colores de macrotúneles plásticos y de las aplicaciones de calcio foliar sobre la calidad y morfo anatomía epidérmica de las fresas var. CP-Zamorana. El experimento siguió un diseño experimental completamente al azar con arreglo factorial. Se evaluó firmeza, color, pérdida de peso, producción de CO2 y etileno, contenido de calcio, acidez titulable y sólidos solubles totales en frutos de fresa, además de microfotografías de la epidermis de las fresas. La firmeza de las frutas disminuyó conforme aumentó el sombreado, este provocó menor firmeza a la cosecha, pero disminuyó su pérdida en las fresas refrigeradas. Las fresas cultivadas sin sombra mostraron con microscopía electrónica de barrido, mayor número de estratos celulares en epidermis. Las aplicaciones de calcio foliar no afectaron significativamente la firmeza de la fresa pero afectaron de manera ligera algunos parámetros de calidad. --3 aThe aim of this study is to know the effects of shade generated by different color of plastic high tunnels and of the foliar calcium applications, on the quality and epidermal morpho-anatomy of the strawberries cultivar CP-Zamorana. The experiment followed a completely randomized design with factorial arrangement. Firmness, color, weight loss, production of CO2 and ethylene, calcium content, titrable acidity and total soluble solids of the fruits were evaluated. In addition microphotographies of the epidermis of the strawberries were obtained. The firmness of the fruits diminished as the level of shade increased. The shade caused less firmness at the harvest, but the rate of loss of firmness in cooled strawberries was minor. The strawberries grown wit out shade showed with scanning electron microscopy, greater number of epidermal cellular layers. Foliar applications of calcium did not significantly affect the firmness of strawberries but lightly affected some quality parameters.13aFresas2atgxControl de calidad13aCalidad de la fruta 2atg13aStrawberriesxQuality control 2atg13aFruit quality2atg1 aCorrales García, José Joel Enriqueedirector1 aColinas y León, María Teresa Beryleasesora1 aCalderón Zavala, Guillermoeasesor41uhttp://10.13.5.2/tesis/110539.pdfyDESCARGAR PDF